Štart malého a stredného podnikania v tranzitívnych ekonomikách

Stručná charakteristika trhu práce. Združenie CEPAC Slovakia orientované na patronát a dlhodobú starostlivosť o začínajúcich podnikateľov. Poslanie združenia CEPAC pri podpore malého a stredného podnikania. Komplexný vzdelávaco-poradenský program.

Na minha lista:
Detalhes bibliográficos
Autor principal: Tomasta, Pavel
Formato: Capítulo de Livro
Idioma:eslovaco
Assuntos:
Tags: Adicionar Tag
Sem tags, seja o primeiro a adicionar uma tag!

MARC

LEADER 00000naa a2200000 4500
001 r041017
005 20231002080833.7
041 0 |a slo 
044 |a SK 
245 1 0 |a Štart malého a stredného podnikania v tranzitívnych ekonomikách  |c Pavel Tomasta 
520 |a Stručná charakteristika trhu práce. Združenie CEPAC Slovakia orientované na patronát a dlhodobú starostlivosť o začínajúcich podnikateľov. Poslanie združenia CEPAC pri podpore malého a stredného podnikania. Komplexný vzdelávaco-poradenský program. 
610 2 0 |a podpora podnikania 
610 2 0 |a trh práce 
610 2 0 |a programy rozvojové 
610 2 0 |a CEPAC SLOVAKIA 
610 2 0 |a vzdelávanie 
610 2 0 |a kurzy 
610 2 0 |a podnikatelia 
100 1 |a Tomasta, Pavel